| 000 | 00461nam a22001697a 4500 | ||
|---|---|---|---|
| 003 | OSt | ||
| 005 | 20260121164026.0 | ||
| 008 | 250217b |||||||| |||| 00| 0 eng d | ||
| 040 | _cChuka University Library | ||
| 050 |
_aPR 9381.9 _b.W39 1985 |
||
| 100 |
_aWaweru,Mwaura _918261 |
||
| 245 | _aThe Siege | ||
| 260 |
_aNairobi _bK.L.B _c1985 |
||
| 300 | _a273P. | ||
| 650 |
_aAfrican fiction (English)2.Kenyan Literature (English) _918262 |
||
| 942 |
_2lcc _cBK _n0 _02 |
||
| 999 |
_c18546 _d18546 |
||